Le città del Risorgimento - Statistics

Statistiche generali
  • Questo quiz è stato fatto 108 volte
  • Il punteggio medio è 15 su 22
Statistiche sulle risposte
Indizio Città % Corretto
Città lombarda che nel marzo 1848 insorse per cinque giorni contro il dominio austriaco. Milano
99%
Capitale del Regno di Sardegna, e poi prima capitale dell'Italia unita, in cui il 17 marzo 1861 fu proclamata la nascita del Regno d'Italia. Torino
99%
Città veneta che si ribellò all'Austria nel 1848, costituendosi in repubblica e resistendo all'assedio austriaco per oltre un anno. Venezia
94%
Città che, tra il 1864 e il 1870, fu capitale d'Italia. Firenze
93%
Città annessa all'Italia il 20 settembre 1870, dall'anno successivo definitiva capitale dello stato. Roma
93%
Principale delle città irredente, annessa all'Italia dopo la Prima Guerra Mondiale. Trieste
89%
Città umbra che nel giugno del 1859 insorse contro il dominio del Papa. Perugia
85%
Città che, in seguito agli accordi stipulati nel 1859, venne ceduta alla Francia in cambio del suo aiuto in guerra, nonostante la popolazione fosse interamente italiana. Nizza
79%
Città lombarda che nella primavera del 1849 insorse per dieci giorni contro il dominio austriaco. Per questo, la città fu poi nominata "Leonessa d'Italia". Brescia
78%
Città che, per manifestare la propria italianità, fece costruire una statua di Dante Alighieri nella piazza principale nel 1896. Fu annessa all'Italia dopo la Prima Guerra Mondiale. Trento
78%
Cittadina del trapanese presso cui sbarcarono i Mille. Marsala
76%
Prima città italiana a insorgere nel gennaio del 1848, dando il via alla "primavera dei popoli". Palermo
72%
Città emiliana che per prima, nel 1848, votò tramite plebiscito di volersi unire allo stato sabaudo; l'evento le meritò il nome di "Primogenita d'Italia". Piacenza
60%
Cittadina campana presso la quale il 26 ottobre 1860 Garibaldi e Vittorio Emanuele II si incontrarono. Teano
60%
Città giuliana che divenne tra i principali centri dell'irredentismo, liberata dalle truppe italiane nel 1916 e poi annessa dopo la Prima Guerra Mondiale. Gorizia
57%
Città in cui, il 7 gennaio 1797, nacque ufficialmente il tricolore italiano. Reggio Emilia
57%
Municipio genovese dal quale, il 5 maggio 1860, salparono i Mille. Quarto
51%
Comune veneto presso il quale le truppe italiane subirono una pesante sconfitta, da parte degli austriaci, il 24 giugno 1866. Custoza
34%
Cittadina lombarda presso la quale, nel 1859, i franco-piemontesi colsero una determinante vittoria contro le armate austriache. Solferino
32%
Cittadina francese dove, nel 1858, Cavour firmò l'alleanza con Napoleone III. Plombières
29%
Cittadina siciliana presso la quale, durante l'omonima battaglia, Garibaldi avrebbe detto: "Qui si fa l'Italia o si muore". Calatafimi
28%
Comune trentino presso il quale, dopo una brillante vittoria, Garibaldi scrisse il celebre telegramma "Obbedisco". Bezzecca
21%
Nessun quiz corrispondente trovato
Distribuzione punteggi
Percentuale di utenti per punteggio
Percentile per numero di risposta
I tuoi punteggi nel tempo
Non hai fatto questo quiz